| 000 | 00607nam a2200193Ii 4500 | ||
|---|---|---|---|
| 003 | JO-AjNU | ||
| 008 | 230605s9999||||xx |||||||||||||| ||und|| | ||
| 040 |
_aJO-AjNU _bara _erda _cJO-AjNU |
||
| 041 | _aara | ||
| 050 | 1 | 4 | _aRD81 |
| 100 | 3 |
_aالاسدي ، طارق كاظم جواد, _eauthor _97954 |
|
| 245 | 0 | 0 | _aالتخدير القواعد والمواد الاساسية |
| 264 | 3 | 1 | _aعمان:دار الفكرللنشر ، 1900 |
| 300 | _a144ص | ||
| 336 |
_atext _btxt _2rdacontent |
||
| 337 |
_aunmediated _bn _2rdamedia |
||
| 338 |
_avolume _bnc _2rdacarrier |
||
| 650 | 4 |
_aالتخدير _97955 |
|
| 999 |
_aA540 _c4108 _d4108 |
||